[Event "33rd ECCC Open 2017"]
[Site "Antalya"]
[Date "2017.10.11"]
[Round "2"]
[White "Jessel, Stephen"]
[Black "Sadikhov, Ulvi"]
[Result "1/2-1/2"]
[WhiteElo "2334"]
[BlackElo "2487"]
[Annotator "TA"]
[PlyCount "114"]
[EventType "team-tourn"]
[EventCountry "TUR"]
[SourceTitle "playchess.com"]
[Source "ChessBase"]
[SourceQuality "1"]
[WhiteTeam "Gonzaga"]
[BlackTeam "Karaman"]

{[%evp 18,114,24,13,34,7,14,0,-6,-16,-8,-9,0,0,0,0,14,-4,67,58,72,58,60,62,106,55,43,32,68,27,29,25,39,-72,-67,-70,0,-17,-14,-25,66,60,106,114,116,0,0,3,9,0,0,-24,-17,-202,-18,-27,-20,-20,-20,-20,-16,-20,-20,-20,-16,-16,-18,-18,-16,-16,-24,-21,0,0,0,0,9,0,0,6,6,7,16,0,0,-8,0,0,0,0,0,0,0,0,0,0,0,0,0]} 1. Nf3 Nf6 2. c4 g6 3. b3 Bg7 4. Bb2 O-O 5. g3 d6 6. Bg2 e5 7. O-O Nh5 8. Nc3 f5 9. e3 Nc6 10. d3 {LiveBook: 10 Games} Ne7 {A15: English Opening: 1...Nf6} (10... h6 11. a3 a5 12. Nd2 Nf6 13. Nd5 Be6 14. f4 Kh7 15. Qc2 Qd7 16. Rae1 Rae8 17. Bc3 Bxd5 18. cxd5 {½-½ (65) Kramnik,V (2793)-Nakamura,H (2786) London 2013}) 11. Nd5 $146 ({Predecessor:} 11. d4 e4 12. Nd2 c6 13. b4 d5 14. b5 Rf7 15. Ba3 f4 16. Bxe7 Rxe7 17. gxf4 Kh8 18. Qa4 {½-½ (74) Panjwani,R (2400)-Song,M (2316) Kitchener 2015}) 11... c6 12. Nxe7+ Qxe7 13. Qe2 Bd7 14. Nd2 Rae8 15. Rae1 Nf6 16. Qd1 Qd8 17. Qa1 g5 (17... Rf7 $11) 18. c5 $1 $14 dxc5 19. Nc4 (19. Bxe5 Rxe5 $1 {[%mdl 512]} 20. Qxe5 Ne4 $17) 19... Be6 20. Nxe5 f4 21. exf4 (21. gxf4 $16 gxf4 22. Kh1 (22. exf4 Nh5 $11)) 21... gxf4 22. Qc1 Nd5 $1 23. Nf3 ({Much worse is} 23. Qxc5 f3 $15) 23... Bxb2 24. Qxb2 Nb4 25. Rd1 (25. Qc3 $14) 25... Bg4 $17 ({But not} 25... Nxd3 $2 26. Qc3 $18) 26. d4 Qf6 (26... fxg3 $15 27. fxg3 Re3) 27. Qd2 Nd5 28. h3 Bf5 (28... Bxf3 $1 $11 29. Bxf3 Rd8) 29. g4 $14 Be4 30. dxc5 h5 {Threatens to win with ...hxg4.} 31. Qd4 ({Don't play} 31. gxh5 $6 Kf7 $11) (31. g5 $16 Qc3 32. Qxc3 Nxc3 33. Rd2) 31... hxg4 $1 $11 32. hxg4 Nc3 $132 {[%mdl 2048] Black is fighting back} 33. Rde1 {White wants to play Qxf6.} Rd8 34. Qxf6 Rxf6 35. g5 $2 {[#]} (35. a3 $11 {and White has nothing to worry.}) 35... Rg6 $2 (35... Rf5 $1 $19 {Hoping for ...Bxf3.} 36. Kh2 Kf7 37. g6+ Kf6) 36. Kh2 Rd7 37. Nh4 Rh7 38. Bxe4 Rxh4+ 39. Kg2 Rxg5+ 40. Kf3 Rxc5 41. Rg1+ Kf7 42. Rh1 $1 {[%cal Rh1h4]} Rch5 43. Rxh4 Rxh4 {[%mdl 4096] Endgame KRB-KRN} 44. Bf5 Nb5 {The position is equal.} 45. Bg4 Rh2 46. Re4 Nd6 47. Rxf4+ Ke7 48. Rd4 Rh1 49. Rd2 c5 50. Ke2 b6 51. Kd3 Rc1 52. Rd1 c4+ 53. bxc4 Rxc4 54. Re1+ Kd8 55. Re6 Rxg4 56. Rxd6+ Ke7 57. Rd4 Rg1 {Precision: White = 52%, Black = 46%.} 1/2-1/2

[Event "33rd ECCC Open 2017"]
[Site "Antalya"]
[Date "2017.10.09"]
[Round "2"]
[White "Kristensen, Kaare Hove"]
[Black "Burstein, Roman"]
[Result "1-0"]
[WhiteElo "2331"]
[BlackElo "2322"]
[Annotator "NA"]
[PlyCount "69"]
[EventType "team-tourn"]
[EventCountry "TUR"]
[SourceTitle "playchess.com"]
[Source "ChessBase"]
[SourceQuality "1"]
[WhiteTeam "Nordkalotten"]
[BlackTeam "MAKABI"]
[TimeControl "40/5400+30:1800+30"]

1. d4 {[%emt 0:00:30]} Nf6 {[%emt 0:01:00]} 2. Nf3 {[%emt 0:00:00]} c5 {[%emt 0:00:30]} 3. d5 {[%emt 0:05:00]} g6 {[%emt 0:00:30]} 4. Nc3 {[%emt 0:01:30]} Bg7 {[%emt 0:01:30]} 5. e4 {[%emt 0:01:30]} d6 {[%emt 0:02:30]} 6. Be2 {[%emt 0:01:30]} O-O {[%emt 0:00:30]} 7. O-O {[%emt 0:00:00]} Na6 {[%emt 0:00:00]} 8. Re1 {[%emt 0:03:00]} Nc7 {[%emt 0:01:00]} 9. h3 {[%emt 0:08:30]} Rb8 {[%emt 0:04:30]} 10. a4 {[%emt 0:00:30]} b6 {[%emt 0:03:30] A43: Schmid Benoni} 11. Bf4 {[%emt 0:12:30]} a6 {[%emt 0:04:30]} 12. e5 {[%emt 0:06:30]} Nfe8 $1 {[%emt 0:01:30]} 13. Qd2 {[%emt 0:05:30]} b5 {[%emt 0:02:30] LiveBook: 4 Games} 14. axb5 {[%emt 0:04:30]} axb5 {[%emt 0:00:30]} 15. Rad1 {[%emt 0:07:30]} Bb7 {[%emt 0:07:30]} 16. Bxb5 $146 {[%emt 0:08:30]} ({Predecessor:} 16. Nxb5 Bxd5 17. Nc3 Bxf3 18. Bxf3 Ne6 19. b3 Nxf4 20. Qxf4 {1-0 (41) Langeweg,K (2400)-Da Cunha,M (2410) Wijk aan Zee 1984}) 16... Nxb5 {[%emt 0:01:30]} 17. Nxb5 {[%emt 0:00:30]} Ba6 {[%emt 0:05:30]} 18. Na7 {[%emt 0:08:30]} Rxb2 {[%emt 0:05:30]} 19. Nc6 {[%emt 0:00:30]} Qd7 {[%emt 0:06:30]} 20. exd6 {[%emt 0:07:40]} exd6 $18 {[%emt 0:00:30]} 21. Re7 {[%emt 0:00:58]} Qf5 {[%emt 0:03:30]} 22. Ra7 {[%emt 0:00:51]} Bf6 {[%emt 0:09:30]} 23. Rxa6 {[%emt 0:00:33]} Nc7 {[%emt 0:00:30]} 24. Ra7 {[%emt 0:01:10]} Nb5 {[%emt 0:00:30]} 25. Ne7+ {[%emt 0:02:29]} Bxe7 {[%emt 0:01:30]} 26. Rxe7 {[%emt 0:00:05]} Rxc2 {[%emt 0:00:30]} 27. Qd3 {[%emt 0:00:40]} Nc3 {[%emt 0:00:30]} 28. Qxf5 {[%emt 0:01:25]} gxf5 {[%emt 0:00:30]} 29. Rd2 {[%emt 0:01:48]} Rxd2 {[%emt 0:05:30]} 30. Bxd2 {[%emt 0:00:58]} Nxd5 {[%emt 0:00:30]} 31. Rd7 {[%emt 0:00:18]} Nf6 {[%emt 0:01:30]} 32. Rxd6 {[%emt 0:00:48]} Ne4 {[%emt 0:00:00]} 33. Rc6 {[%emt 0:01:22]} Rd8 {[%emt 0:02:00]} 34. Be3 {[%emt 0:00:30]} h5 {[%emt 0:00:30]} 35. Ng5 {[%emt 0:01:10]} 1-0

[Event "33rd ECCC Open 2017"]
[Site "Antalya"]
[Date "2017.10.11"]
[Round "2"]
[White "Rogule, Laura"]
[Black "Guseinov, Gadir"]
[Result "1-0"]
[WhiteElo "2325"]
[BlackElo "2647"]
[Annotator "TA"]
[PlyCount "105"]
[EventType "team-tourn"]
[EventCountry "TUR"]
[WhiteTeam "Riga"]
[BlackTeam "Odlar Yurdu"]

{[%evp 10,105,-10,-16,20,0,0,0,0,0,0,-10,-10,-61,-8,-57,-35,-23,-30,-30,-32,-21,-21,-16,-27,-27,-16,-22,-15,-12,-32,-12,-3,-20,0,-3,10,10,10,12,14,14,42,40,37,0,54,51,39,5,68,16,116,76,525,519,533,516,557,571,556,562,537,514,543,529,534,536,531,531,566,564,558,543,844,811,1551,1393,5439,5409,5007,5007,1581,1027,5427,4618,29976,29977,29977,29978,29978,29979,29979,29974,29971,6206,5218,5114]} 1. d4 g6 2. Nf3 Bg7 3. g3 c5 4. Bg2 cxd4 5. Nxd4 Nc6 6. c3 Qb6 {[%cal Rc6d4] A04: Unusual lines after 1 Nf3 and King's Indian Attack} (6... Nf6 7. O-O O-O 8. Na3 d5 9. Nb3 h6 10. Be3 Kh7 11. h3 e5 12. Bc5 Re8 13. c4 Be6 14. cxd5 Bxd5 15. Bxd5 Qxd5 16. Qxd5 Nxd5 {0-1 (58) Mosadeghpour,M (2444)-Pourramezanali,A (2510) Teheran 2017}) 7. Nc2 Nf6 8. e4 $146 ({Predecessor:} 8. O-O O-O 9. Nd2 d5 10. Nb3 Rd8 11. Bg5 a5 12. Be3 Qc7 13. Na3 b6 14. Nb5 {1-0 (46) Gyorkos,L (2392)-Balogh,V (2233) Hungary 2009}) 8... Qa6 {The position is equal.} 9. Nba3 d6 10. h3 Be6 11. Be3 {[#]} (11. Ne3 $11) 11... O-O (11... d5 $1 $15 {[%mdl 512]}) 12. f4 Rad8 (12... d5 $5 13. e5 (13. exd5 Nxd5 14. Bxd5 Rad8 $17) 13... Ne4 $17) 13. Qe2 Qxe2+ 14. Kxe2 d5 15. e5 Ne4 16. Bxe4 dxe4 17. Nd4 Nxd4+ 18. Bxd4 a6 19. g4 f6 20. exf6 $1 exf6 {White must now prevent ...f5.} 21. Nc2 Kf7 22. Ne3 h5 23. gxh5 gxh5 24. f5 Bd7 25. Rag1 Rg8 26. Rg6 Bh8 27. Rh6 Rg3 (27... Rg5 $11) 28. Rxh5 Bg7 29. Bb6 Rc8 (29... Rh8 $1 $11 30. Rxh8 Bxh8) 30. c4 (30. Rd1 $14 Be8 31. Rh4) 30... Rc6 (30... Rh8 $11 {keeps the balance.} 31. Rxh8 Bxh8) 31. Ba5 Rd6 $2 {[%mdl 8192]} (31... Rc8 $16 {is tougher.}) 32. Bc7 $18 Rxe3+ 33. Kxe3 Rd3+ 34. Kxe4 Rd2 35. Rg1 Bc6+ 36. Ke3 Rxb2 37. Rg6 {[#] Intending Rh7 and mate.} Rg2 38. Rxg2 Bxg2 {[%mdl 4096] Endgame KRB-KB} 39. Bd6 Bf1 40. Kd4 Bg2 41. a4 a5 42. Kc5 Bc6 43. Kb6 Bxa4 44. Kxb7 Bd1 45. Rh4 a4 46. c5 a3 47. c6 {White wants to mate with c7.} a2 48. c7 Bf3+ 49. Kb6 a1=Q 50. c8=Q {[%csl Gf5][%cal Rc8e6]} Qb2+ 51. Rb4 {[%csl Gf5][%cal Rc8e6]} Qe2 52. Qd7+ (52. Ra4 $142 Qb2+ 53. Bb4 Qd4+ 54. Bc5 Qb2+ 55. Rb4 Qe2 56. Rb3 Bh6 57. Rxf3 Qb2+ 58. Ka7 Qa2+ 59. Ra3) 52... Kg8 53. Qe6+ {Precision: White = 68%, Black = 33%.} 1-0

[Event "33rd ECCC Open 2017"]
[Site "Antalya"]
[Date "2017.10.09"]
[Round "2"]
[White "Gantner, Matthias"]
[Black "Civi, Anil"]
[Result "1-0"]
[WhiteElo "2324"]
[BlackElo "1385"]
[Annotator "NA"]
[PlyCount "63"]
[EventType "team-tourn"]
[EventCountry "TUR"]
[SourceTitle "playchess.com"]
[Source "ChessBase"]
[SourceQuality "1"]
[WhiteTeam "White Rose"]
[BlackTeam "Hatay"]
[TimeControl "40/5400+30:1800+30"]

1. e4 {[%emt 0:01:30]} e5 {[%emt 0:01:00]} 2. Nf3 {[%emt 0:00:30]} Nc6 {[%emt 0:00:30]} 3. Bb5 {[%emt 0:00:30]} a6 {[%emt 0:00:00]} 4. Ba4 {[%emt 0:00:30]} Nf6 {[%emt 0:00:00]} 5. O-O {[%emt 0:00:30]} Bc5 {[%emt 0:00:30]} 6. c3 {[%emt 0:08:30]} O-O {[%emt 0:03:30]} 7. d4 {[%emt 0:01:30]} exd4 {[%emt 0:00:30]} 8. cxd4 {[%emt 0:00:00]} Bb4 {[%emt 0:01:30] C78: Spanische Partie (Archangelsk- und Möller-Variante)} (8... Be7 9. Nc3 d6 10. Re1 Bg4 11. Be3 b5 12. Bc2 Nb4 13. Bb1 c5 14. d5 Nd7 15. a3 Qa5 16. Bd2 {1-0 (31) Kanarek,M (2453)-Warmowski,P (2040) Koszalin 2009}) 9. e5 {[%emt 0:08:00]} Nd5 {[%emt 0:01:30]} 10. a3 $146 {[%emt 0:07:30]} ({Vorgänger:} 10. Qd3 Be7 11. Qe4 Nb6 12. d5 Na7 13. Bc2 g6 14. Bh6 Re8 15. Nc3 d6 16. Rfe1 {1-0 (33) Degano,E (1647)-Bortolosso,P (1464) Udine 2008}) 10... Be7 {[%emt 0:05:30]} 11. Bb3 {[%emt 0:00:30]} Nb6 {[%emt 0:01:30]} 12. d5 {[%emt 0:01:30]} Na5 {[%emt 0:00:30]} 13. d6 {[%emt 0:16:30]} cxd6 {[%emt 0:01:30]} 14. exd6 {[%emt 0:00:30]} Bf6 $2 {[%emt 0:00:30]} ({Better is} 14... Bxd6 $14 15. Bxf7+ Rxf7 16. Qxd6 Rf6) 15. Nc3 {[%emt 0:01:30]} Re8 {[%emt 0:01:30]} 16. Bc2 {[%emt 0:07:30]} Nbc4 {[%emt 0:02:30]} 17. Qd3 {[%emt 0:00:30]} g6 {[%emt 0:00:30]} 18. b4 {[%emt 0:01:30]} Nxd6 {[%emt 0:00:30]} 19. bxa5 {[%emt 0:01:30]} Nb5 {[%emt 0:00:30]} 20. Nxb5 {[%emt 0:02:30]} Bxa1 {[%emt 0:01:30]} 21. Nd6 {[%emt 0:00:00]} Re6 {[%emt 0:00:30]} 22. Ng5 {[%emt 0:03:00]} Re7 {[%emt 0:02:30]} 23. Ngxf7 {[%emt 0:04:30]} Rxf7 {[%emt 0:02:30]} 24. Bb3 {[%emt 0:00:00]} Kf8 {[%emt 0:04:30]} 25. Nxf7 {[%emt 0:01:00]} Qc7 {[%emt 0:00:30]} 26. Bd2 {[%emt 0:01:30]} Be5 {[%emt 0:02:30]} 27. Nxe5 {[%emt 0:00:30]} Qxe5 {[%emt 0:00:30]} 28. Bb4+ {[%emt 0:00:30]} Ke8 {[%emt 0:00:30]} 29. Bd6 {[%emt 0:00:00]} Qf6 {[%emt 0:01:30]} 30. Qe4+ {[%emt 0:01:00]} Kd8 {[%emt 0:00:30]} 31. Rd1 {[%emt 0:01:30]} Qg7 {[%emt 0:05:30]} 32. Re1 {[%emt 0:00:30]} 1-0

[Event "33rd ECCC Open 2017"]
[Site "Antalya"]
[Date "2017.10.09"]
[Round "2"]
[White "Paltrinieri, Nicholas"]
[Black "Nikac, Predrag"]
[Result "0-1"]
[WhiteElo "2295"]
[BlackElo "2305"]
[Annotator "NA"]
[PlyCount "66"]
[EventType "team-tourn"]
[EventCountry "TUR"]
[SourceTitle "playchess.com"]
[Source "ChessBase"]
[SourceQuality "1"]
[WhiteTeam "Augusta Perusia"]
[BlackTeam "Elektroprivreda"]
[TimeControl "40/5400+30:1800+30"]

1. d4 {[%emt 0:00:30]} g6 {[%emt 0:01:00]} 2. e4 {[%emt 0:00:00]} c6 {[%emt 0:00:30]} 3. Nc3 {[%emt 0:02:00]} d5 {[%emt 0:00:30]} 4. Be2 {[%emt 0:09:30] B15: Caro-Kann: 3 Nc3: 3...g6 and 3...dxe4 4 Nxe4 Nf6 5 Nxf6+ exf6} (4. e5 Bg7 5. f4 h5 6. Nf3 Nh6 7. Be3 Qb6 8. Rb1 Bg4 9. Be2 Nd7 10. O-O Nf8 11. Na4 Qc7 12. Nc5 Nf5 13. Bf2 Bh6 14. Nh4 Bxf4 15. Bxg4 Ne3 {1-0 (52) Duda,J (2693)-Jobava,B (2713) Chartres 2017}) 4... dxe4 {[%emt 0:06:30]} 5. Nxe4 {[%emt 0:00:30]} Bg7 {[%emt 0:00:00]} 6. c3 {[%emt 0:03:30]} Nd7 {[%emt 0:03:00]} 7. Nf3 {[%emt 0:01:30]} Ngf6 {[%emt 0:00:30]} 8. Nxf6+ {[%emt 0:08:30]} Nxf6 {[%emt 0:01:30]} 9. h3 {[%emt 0:00:30]} O-O {[%emt 0:01:30]} 10. Bf4 {[%emt 0:01:30]} a5 $146 {[%emt 0:03:30]} ({Predecessor:} 10... Qb6 11. Qb3 Be6 12. Qxb6 axb6 13. a3 b5 14. O-O Nd5 {0-1 (62) Rovira Vila,J (2060)-Menac Comas,J (2077) Figueres 2016}) 11. O-O {[%emt 0:05:30]} a4 {[%emt 0:05:30]} 12. Bh2 {[%emt 0:08:30]} Qb6 {[%emt 0:07:30]} 13. Qd2 {[%emt 0:24:30]} Rd8 {[%emt 0:06:30]} 14. Ne5 {[%emt 0:00:00]} Be6 {[%emt 0:00:30]} 15. Bf3 {[%emt 0:01:00]} c5 {[%emt 0:02:30]} 16. dxc5 {[%emt 0:01:30]} Qxc5 {[%emt 0:03:30]} 17. Qe2 {[%emt 0:00:30]} Bd5 {[%emt 0:01:30]} 18. Rfd1 {[%emt 0:03:30]} (18. c4 $11 {hält das Gleichgewicht.} Bxf3 19. Qxf3) 18... a3 {[%emt 0:00:30]} 19. b3 $17 {[%emt 0:09:08]} ({White should play} 19. Bxd5 $15 Nxd5 20. c4 axb2 21. Qxb2) 19... Qxc3 {[%emt 0:01:30]} 20. Rac1 {[%emt 0:02:00]} Bxf3 {[%emt 0:15:30]} 21. Nxf3 {[%emt 0:00:04]} Qa5 {[%emt 0:09:30]} 22. Rxd8+ {[%emt 0:00:09]} Qxd8 {[%emt 0:00:30]} 23. Rc7 {[%emt 0:00:19]} Nd5 {[%emt 0:00:30]} 24. Rxb7 {[%emt 0:01:22]} Qc8 {[%emt 0:00:30]} 25. Rxe7 {[%emt 0:04:28]} Nxe7 {[%emt 0:00:30]} 26. Qxe7 {[%emt 0:00:03]} Qc1+ {[%emt 0:00:30]} 27. Ne1 {[%emt 0:02:18]} Bf8 {[%emt 0:06:30]} 28. Qe4 {[%emt 0:02:01]} Rd8 {[%emt 0:01:30]} 29. Bf4 {[%emt 0:00:12]} Qa1 {[%emt 0:01:30]} 30. Qe2 {[%emt 0:02:31]} Bb4 {[%emt 0:00:40]} 31. Bg5 {[%emt 0:01:29]} Rd5 {[%emt 0:02:02]} 32. Qe8+ {[%emt 0:05:05]} Kg7 {[%emt 0:00:38]} 33. Bf6+ {[%emt 0:00:10]} Qxf6 {[%emt 0:00:01]} 0-1

[Event "33rd ECCC Open 2017"]
[Site "Antalya"]
[Date "2017.10.09"]
[Round "2"]
[White "Ronka, Erik"]
[Black "Asadli, Vugar"]
[Result "0-1"]
[WhiteElo "2287"]
[BlackElo "2448"]
[Annotator "TA"]
[PlyCount "86"]
[EventType "team-tourn"]
[EventCountry "TUR"]
[SourceTitle "playchess.com"]
[Source "ChessBase"]
[SourceQuality "1"]
[WhiteTeam "Etela-Vantaan"]
[BlackTeam "Genc"]

{[%evp 24,86,0,0,20,16,40,0,37,47,67,60,120,114,117,26,26,19,31,-87,-88,-97,-82,-89,-84,-136,-153,-172,-170,-216,-205,-192,-152,-138,-98,-118,-115,-246,-247,-246,-241,-395,-393,-403,-395,-392,-383,-475,-426,-416,-401,-392,-367,-498,-499,-491,-433,-639,-634,-639,-639,-745,-679,-679,-664]} 1. d4 Nf6 2. c4 e6 3. Nc3 Bb4 4. f3 O-O 5. a3 Bxc3+ 6. bxc3 Ne8 7. e4 b6 8. Bd3 Ba6 {E27: Nimzo-Indian: Sämisch: 5...0-0 6 f3} (8... Nc6 9. e5 f5 10. Nh3 Ba6 11. O-O Na5 12. Qe2 d5 13. Bg5 Qd7 14. cxd5 Bxd3 15. Qxd3 exd5 16. Rae1 {½-½ (52) Li,C (2720)-Sanal,V (2533) Khanty-Mansiysk 2017}) 9. a4 Nc6 10. Ba3 d6 11. f4 Na5 12. Qe2 c5 13. Nf3 {LiveBook: 4 Games} Rc8 14. e5 h6 15. dxc5 $146 ({Predecessor:} 15. O-O Qd7 16. f5 exf5 {½-½ (58) Van Vugt,W (2359)-Pecis,G (2331) ICCF email 2007}) 15... bxc5 16. O-O Qb6 17. Nd2 f5 (17... Qc6 $14) 18. exf6 $1 $16 Nxf6 {[#]} 19. Qxe6+ ({Better is} 19. g4 $1 $16) 19... Kh8 $11 20. Rab1 Qc6 21. Rb5 (21. Qf5 $14) 21... Rce8 $17 22. Qh3 Bxb5 23. axb5 Qd7 {Threatens to win with ...Qxh3.} 24. Qxd7 (24. Bf5 $142 Qf7 25. Qd3) 24... Nxd7 25. Ne4 {[#]} Nxc4 $1 {[%mdl 512]} 26. Bc1 (26. Bxc4 Rxe4) 26... Ndb6 27. f5 Ne5 28. Bc2 Nf7 29. Bf4 Nc4 {aiming for ...Na3.} 30. Rd1 (30. Ra1 $17) 30... Na3 $19 31. Bd3 c4 {[%cal Bc5c4,Bc4d3][%mdl 32]} 32. Nxd6 $2 (32. Bxd6 Nxb5 33. Bxf8 cxd3 34. Rxd3 Rxe4 35. Rg3) 32... Nxd6 ({Less strong is} 32... cxd3 33. Nxe8 Rxe8 34. b6 $19) 33. Bxd6 cxd3 34. Bxa3 Rxf5 {[%mdl 4096] Endgame ...d2 is the strong threat. KRR-KRB} 35. c4 Rf4 36. h3 Rxc4 37. Rxd3 Re2 38. Bd6 Rb2 {Black is clearly winning.} 39. Bb8 Ra4 40. Rd7 (40. Be5 $142 Rxb5 41. Bc3) 40... Raa2 41. Rxa7 Rxg2+ 42. Kh1 Rxa7 43. Bxa7 Rb2 {Precision: White = 32%, Black = 67%.} 0-1

[Event "33rd ECCC Open 2017"]
[Site "Antalya"]
[Date "2017.10.09"]
[Round "2"]
[White "Lavendelis, Egons"]
[Black "Abasov, Nijat"]
[Result "0-1"]
[WhiteElo "2274"]
[BlackElo "2587"]
[Annotator "TA"]
[PlyCount "84"]
[EventType "team-tourn"]
[EventCountry "TUR"]
[SourceTitle "playchess.com"]
[Source "ChessBase"]
[SourceQuality "1"]
[WhiteTeam "Riga"]
[BlackTeam "Odlar Yurdu"]

{[%evp 19,84,16,12,22,37,20,29,0,20,0,10,5,5,0,0,0,0,0,0,0,0,0,0,0,0,-7,0,-5,-7,-97,-87,-129,-129,-135,-131,-135,-126,-126,-107,-124,-114,-139,-152,-139,-151,-212,-214,-203,-204,-202,-150,-209,-174,-488,-334,-358,-340,-363,-370,-349,-334,-323,-334,-563,-562,-556,-548]} 1. e4 c6 2. d4 d5 3. Nc3 dxe4 4. Nxe4 Nf6 5. Nxf6+ exf6 6. c3 Bd6 7. Bd3 O-O 8. Ne2 Qc7 9. Qc2 h6 10. Be3 Re8 11. h3 {B15: Caro-Kann: 3 Nc3: 3...g6 and 3...dxe4 4 Nxe4 Nf6 5 Nxf6+ exf6} (11. Ng3 Be6 12. O-O h5 13. Nxh5 Bxh2+ 14. Kh1 Bd6 15. Rae1 Nd7 16. Bh7+ Kh8 17. Qe4 Qa5 18. Nxg7 Kxg7 {0-1 (41) Barbosa,E (2446)-Sjugirov,S (2658) Katowice 2014}) 11... Nd7 12. O-O b5 13. d5 $146 {White has an edge.} ({Predecessor:} 13. Qd2 a6 14. Rae1 Nf8 15. Nf4 g6 16. b3 Rb8 17. Bb1 h5 18. Rd1 Ne6 {0-1 (60) Efroimski,M (2255)-Goryachkina,A (2480) Skopje 2015}) 13... Ne5 14. Nd4 a6 15. dxc6 Nxc6 16. Be4 Nxd4 17. Bxd4 Rb8 18. Rfe1 Bh2+ 19. Kh1 {Strongly threatening Bh7+.} Be5 $1 20. Rad1 Be6 21. a3 Rbd8 22. Be3 Qc4 23. Bb6 Rxd1 24. Rxd1 {[#]} (24. Qxd1 $11 Bf4 25. Bf3) 24... f5 $1 $17 {[%mdl 512]} 25. f4 {[#]} (25. Bxf5 Qf4) 25... Bb8 $1 ({Of course not} 25... Qxe4 $6 26. Qxe4 fxe4 27. fxe5 $11) ({Don't play} 25... Bxf4 26. Bxf5 Bxf5 27. Qxf5 $15) 26. Bb7 Qxf4 {[%csl Gb8][%cal Rf4h2]} 27. Bg1 Qc7 $36 {[%mdl 2048] Keeping White busy.} 28. Bf3 Qc4 29. Bb7 a5 {[%cal Ba6a5,Ba5a4][%mdl 32]} 30. Rd4 Qc7 31. Bf3 Ba7 32. Bh2 (32. Rd1 $17) 32... Qc8 $19 33. Rd1 a4 {White must now prevent ...Bb3.} 34. Qd2 Bc4 35. Bg3 (35. Bg1 $17 Bxg1 36. Kxg1) 35... g5 36. h4 $2 (36. Bf2 Bxf2 37. Qxf2) 36... Qe6 37. Re1 Be3 38. Qd6 f4 39. Qxe6 Rxe6 40. Bh2 Bf2 41. Rd1 $2 (41. Rxe6 fxe6 42. hxg5 hxg5 43. Bg1) 41... Bxh4 42. Bg4 Re1+ {Precision: White = 37%, Black = 74%.} 0-1

[Event "33rd ECCC Open 2017"]
[Site "Antalya"]
[Date "2017.10.09"]
[Round "2"]
[White "Sukovic, Andrej"]
[Black "Bertagnolli, Alexander"]
[Result "0-1"]
[WhiteElo "2214"]
[BlackElo "2372"]
[Annotator "NA"]
[PlyCount "80"]
[EventType "team-tourn"]
[EventCountry "TUR"]
[SourceTitle "playchess.com"]
[Source "ChessBase"]
[SourceQuality "1"]
[WhiteTeam "Elektroprivreda"]
[BlackTeam "Augusta Perusia"]
[TimeControl "40/5400+30:1800+30"]

1. e4 {[%emt 0:03:30]} c5 {[%emt 0:01:00]} 2. Nf3 {[%emt 0:00:00]} d6 {[%emt 0:00:30]} 3. d4 {[%emt 0:01:00]} cxd4 {[%emt 0:00:00]} 4. Nxd4 {[%emt 0:00:30]} Nf6 {[%emt 0:00:00]} 5. Nc3 {[%emt 0:00:00]} a6 {[%emt 0:00:00]} 6. Bc4 {[%emt 0:00:00]} e6 {[%emt 0:00:00]} 7. Bb3 {[%emt 0:00:30]} Nbd7 {[%emt 0:00:30]} 8. O-O {[%emt 0:01:30]} Nc5 {[%emt 0:00:00]} 9. Bg5 {[%emt 0:00:00]} Be7 {[%emt 0:01:00] B86: Sicilian Scheveningen/Najdorf: 6 Bc4, without early ...b5} 10. Re1 {[%emt 0:00:00]} O-O {[%emt 0:01:30]} (10... h6 11. Bh4 Nxb3 12. axb3 g5 13. Bg3 e5 14. Nf5 Nxe4 15. Nxd6+ Qxd6 16. Nxe4 Qxd1 17. Rexd1 {½-½ (43) Grandelius,N (2635)-Vachier Lagrave,M (2785) Gibraltar 2016}) 11. f4 {[%emt 0:00:30]} Bd7 {[%emt 0:04:30]} 12. Qf3 {[%emt 0:00:30]} h6 {[%emt 0:00:30]} 13. Bh4 {[%emt 0:00:00]} b5 {[%emt 0:00:30]} 14. e5 {[%emt 0:06:00]} dxe5 {[%emt 0:01:30]} 15. fxe5 {[%emt 0:00:30]} Nh7 {[%emt 0:00:30]} 16. Bxe7 {[%emt 0:08:30]} Qxe7 {[%emt 0:00:00]} 17. Ne4 {[%emt 0:01:30] [#]} Ng5 $146 {[%emt 0:00:00]} 18. Nxg5 {[%emt 0:00:30]} Qxg5 {[%emt 0:00:00]} 19. c3 {[%emt 0:01:30]} a5 {[%emt 0:01:00]} 20. Bc2 {[%emt 0:09:30]} b4 {[%emt 0:00:30]} 21. a3 {[%emt 0:02:30]} bxc3 {[%emt 0:01:30]} 22. b4 {[%emt 0:00:30]} axb4 {[%emt 0:02:30]} 23. axb4 {[%emt 0:00:30]} Rxa1 {[%emt 0:00:30]} 24. Rxa1 {[%emt 0:00:00]} Qxe5 {[%emt 0:00:00]} 25. Rd1 {[%emt 0:07:00]} Na4 {[%emt 0:00:00]} 26. Qd3 {[%emt 0:04:30]} g6 {[%emt 0:13:30]} 27. Nf3 {[%emt 0:01:30]} Qd5 {[%emt 0:00:30]} 28. Qe3 {[%emt 0:29:30]} Qa2 {[%emt 0:06:30]} 29. Qxh6 {[%emt 0:00:30]} Qxc2 {[%emt 0:00:30]} 30. Rxd7 {[%emt 0:02:30] [#]} Nb6 $15 {[%emt 0:01:30]} ({Weaker is} 30... Qb1+ 31. Kf2 $17) (30... Nc5 $1 $19 {[%mdl 512]} 31. bxc5 Qb1+ 32. Kf2 Qb2+ 33. Rd2 cxd2 34. Qxd2 Qb5) 31. Ng5 {[%emt 0:01:25]} Qc1+ {[%emt 0:00:30]} 32. Kf2 {[%emt 0:00:05]} Qxg5 {[%emt 0:00:30]} 33. Qxg5 {[%emt 0:00:32]} Nxd7 {[%emt 0:00:00]} 34. Ke2 {[%emt 0:05:56]} ({Better is} 34. Qb5 $1 $11 Nf6 35. Qc4) 34... Nb6 {[%emt 0:06:00]} 35. Kd1 {[%emt 0:05:57]} Nd5 {[%emt 0:01:30]} 36. Kc2 {[%emt 0:07:05]} Rc8 {[%emt 0:01:30]} 37. Qh4 {[%emt 0:00:20]} Ne3+ {[%emt 0:01:30]} 38. Kc1 {[%emt 0:00:51]} Ra8 {[%emt 0:08:30]} 39. Kb1 {[%emt 0:00:36]} c2+ {[%emt 0:04:30]} 40. Kb2 {[%emt 0:00:00]} Ra2+ {[%emt 0:00:30]} 0-1